000 00224nam a22000857a 4500
008 170117b xxu||||| |||| 00| 0 eng d
100 _92459
_aKidz
245 _aMAgical Journey of Arabian nights
260 _aNew Delhi
_bOm Kidz
_c2012
999 _c5519
_d5519